000 00953nam a2200181 a 4500
008 120416s0000 ||||||||||||||||| || u
020 _a0917094123
050 _aT 174.3 Cod
100 _aHolland, Susan S
245 1 0 _aCodes of conduct for the transfer of technology
_cedited by Susan S. Holland
246 _aa critique
260 _aNew York
_bCouncil of the Americas and Fund for Mul
_c1976
300 _ax, 129p.
350 _a0.00
995 _aMAIN LIBRARY OPEN ACCESS
_D0.00
_e712461
_FCBU-MAIN LIBRARY (Kitwe)
_H1
_I6.25
_jT 174.3 Cod
_M3
_UWEEDED
_VJul 24, 2017
_y013223
_ZMain Library Open Access Collection
995 _aMAIN LIBRARY OPEN ACCESS
_D0.00
_e712462
_FCBU-MAIN LIBRARY (Kitwe)
_H3
_I6.25
_jT 174.3 Cod
_M2
_UWEEDED
_VJul 24, 2017
_y013222
_ZMain Library Open Access Collection
995 _aMAIN LIBRARY OPEN ACCESS
_D0.00
_e712460
_FCBU-MAIN LIBRARY (Kitwe)
_H2
_I6.25
_jT 174.3 Cod
_M1
_UWEEDED
_VJul 24, 2017
_y013221
_ZMain Library Open Access Collection
999 _c79433
_d79433